| Tag |
First Indicator |
Second Indicator |
Subfields |
| LEADER |
00000nam a2200000 4500 |
| 001 |
in00004281413 |
| 005 |
20200813082959.0 |
| 006 |
m g d |
| 007 |
cr bn |||a|bb| |
| 008 |
850620s1643 enk o o00| | eng d |
| 035 |
|
|
|a (UnM)99870854
|
| 037 |
|
|
|a CL0051000001
|b ProQuest Information and Learning. 300 N. Zeeb Rd., Ann Arbor, MI 48106
|
| 040 |
|
|
|a Cu-RivES
|c Cu-RivES
|d CStRLIN
|e dcrb
|d WaOLN
|
| 110 |
1 |
|
|a England and Wales.
|b Parliament.
|
| 245 |
1 |
3 |
|a An ordinance of the Lords and Commons assembled in Parliament, :
|b for the speedy raising and leavying of money thorowout the whole kingdom of England and dominion of Wales, for the relief of the Common-wealth, by taxing such as have not at all contributed or lent, or not according to their estates and abilities. Ordered by the Lords and Commons, that this ordinance be forthwith printed and published. Joh. Brown. Cleric. Parl. H. Elsynge Cler. Parl. D. Com.
|
| 260 |
|
|
|a London :
|b Printed for Edward Husbands, and are to be sold at his shop in the Middle Temple,
|c May 11. MDCXLIII. [1643]
|
| 300 |
|
|
|a 1 online resource ([2], 13, [1] pages)
|
| 336 |
|
|
|a text
|b txt
|2 rdacontent
|
| 337 |
|
|
|a computer
|b c
|2 rdamedia
|
| 338 |
|
|
|a online resource
|b cr
|2 rdacarrier
|
| 500 |
|
|
|a In this edition, line ten of title reads: "relief of the Common-Wealth,".
|
| 500 |
|
|
|a Reproduction of the original in the British Library.
|
| 510 |
4 |
|
|a Wing (2nd edition, 1994)
|c E2051.
|
| 510 |
4 |
|
|a Thomason
|c E.101[18].
|
| 533 |
|
|
|a Electronic reproduction.
|b Ann Arbor, Mich. :
|c UMI,
|d 1999-
|f (Early English books online)
|n Digital version of: (Thomason Tracts ; 18:E101[18])
|7 s1999 miun s
|
| 610 |
1 |
0 |
|a England and Wales.
|b Parliament
|v Early works to 1800.
|
| 650 |
|
0 |
|a Taxation
|z England
|x Law and legislation
|v Early works to 1800.
|
| 651 |
|
4 |
|a Great Britain
|x History
|y Civil War, 1642-1649
|v Early works to 1800.
|
| 830 |
|
0 |
|a Early English books online.
|
| 856 |
4 |
0 |
|u http://proxy.library.tamu.edu/login?url=https://search.proquest.com/docview/2240938719
|z Connect to the full text of this electronic book
|t 0
|
| 999 |
f |
f |
|s bc59278d-b4db-3d2c-bbd9-4acf11029077
|i 4efa6f7c-f33f-370a-b9b8-51304f1be9fd
|t 0
|
| 952 |
f |
f |
|a Texas A&M University
|b College Station
|c Electronic Resources
|d Available Online
|t 0
|h No information provided
|
| 998 |
f |
f |
|t 0
|l Available Online
|